000 01997nab a2200289 i 4500
003 BR-BrBNA
005 20260326165128.0
008 260326b2019 bl.qr|pooa||| 00| 0 eng |
040 _aBR-BrBNA
_beng
072 _aK10
_b3290
100 _aPáscoa, Kalill José Viana da
100 _aScolforo, José Roberto Soares
100 _aFerraz Filho, Antonio Carlos
100 _aAltoé, Thiza Falqueto
100 _aGomide, Lucas Rezende
245 _aGrowth of Eremanthus erythropappus (DC.) MacLeish in Different Planting Spacings
500 _aPublicação on-line; 11 ref.; 7 tables; 2 illus.; Summary (En)
520 _a ABSTRACT This study aimed to evaluate the growth of Eremanthus erythropappus (DC.) MacLeish submitted to different planting spacing and growth modelling based on the diameter and crown area projection, as well as to identify the best management strategy to be applied to control the competition, period and intensity of thinning. The evaluated planting spacings were: 1.5 × 1.5 m; 1.5 × 2.0 m; 1.5 × 2.5 m and 1.5 × 3.0 m. Diametric growth modelling in function of the age and crown area projection according to the mixed models methodology was efficient and the individual tree modelling allowed for defining a correct thinning prescription for tree plantations in relation to the percentage of removal needed at each spacing, thus permitting the trees to grow free from competition and produce trees with larger diameters. Keywords: Individual tree models, forest management, thinning schedule.
650 _aCANDEIA
650 _aMANEJO
650 _aFLORESTA
650 _aDESBASTE
773 0 _02929
_9347951
_dRio de Janeiro-RJ Instituto de Florestas - UFRRJ 1994
_o2025-0450
_tFloresta e Ambiente (Brazil)
_x1415-0980 / ISSN 2179-8087 0nline
_gv. 26(2) p. 1-10; (2019)
_wBR2026000299
856 _uhttps://www.scielo.br/j/floram/a/gXjYxn5DBQpZ5whw7PHRqLR/?format=pdf&lang=en
942 _cANA
999 _c341070
_d341070